| 000 | 00337nam a2200109Ia 4500 | ||
|---|---|---|---|
| 008 | 171211s9999 xx 000 0 und d | ||
| 245 | _aMusic and the Language of Love: Seventeenth-Century French Airs | ||
| 245 | _cCatherine Gordon-Seifert | ||
| 260 | _c2011 | ||
| 650 | _xmusic | ||
| 856 | _uhttp://down.ebook777.com/062/9780253354617.pdf | ||
| 999 |
_c348651 _d348651 |
||